000 01113pab a2200145 454500
008 180718b xxu||||| |||| 00| 0 eng d
100 _aBhat R.L.
245 _aInternal migration of human capital in India
362 _a29(2) Jul-Sep 1993, p.1-24
520 _aThe study of internal migration of human capital in a country like India, with its vast magnitude of educated and trained human resources, is always interesting. An analysis of the extent of internal geographical mobility amongst the degree holders in the three professional disciplines of i) Medicine; ii) Engineering and Technology; and iii) Agricultural Sciences and three non-professional discipline of i) Social sciences; ii) Languages; and iii) Commerce is presented here. The States from which the outmigration of these skills has taken place and the States that have attracted them have been identified. An investigation into the possible reasons for outmigration of the highly educated manpower belonging to th
650 _a Migration -- India
650 _aEmmigration and Immigration -- India
773 _aManpower Journal
909 _a26713
999 _c26713
_d26713